00290nam a2200133Ia 4500003000400000005001700004008004100021020000800062040001700070100002300087245002600110260001100136260000900147OSt20240314164653.0170524s9999 xx 000 0 und d aNIL cIIMTU MEERUT aHorrell- Thomas W. 0aIndustrial Psychology bOxford c1960